V zdravom tele zdravý duch (Record no. 22454)
[ view plain ]
| 000 -LEADER | |
|---|---|
| fixed length control field | 02716nam a22006013 4500 |
| 001 - CONTROL NUMBER | |
| control field | 22454 |
| 003 - CONTROL NUMBER IDENTIFIER | |
| control field | SK-KTurca |
| 005 - DATE AND TIME OF LATEST TRANSACTION | |
| control field | 20260328124029.0 |
| 008 - FIXED-LENGTH DATA ELEMENTS--GENERAL INFORMATION | |
| fixed length control field | 230928s2023 xo hoacg a 100 0 slo d |
| 020 ## - INTERNATIONAL STANDARD BOOK NUMBER | |
| International Standard Book Number | 9788097255459 |
| Qualifying information | (brožované) |
| 035 ## - SYSTEM CONTROL NUMBER | |
| System control number | a000732359 |
| 040 ## - CATALOGING SOURCE | |
| Original cataloging agency | UKB |
| Language of cataloging | slo |
| Modifying agency | UKB |
| Description conventions | rda |
| 041 0# - LANGUAGE CODE | |
| Language code of text/sound track or separate title | slo |
| -- | hun |
| -- | cze |
| Language code of summary or abstract | hun |
| -- | slo |
| 043 ## - GEOGRAPHIC AREA CODE | |
| Geographic area code | e-xo--- |
| 044 ## - COUNTRY OF PUBLISHING/PRODUCING ENTITY CODE | |
| MARC country code | xo |
| ISO country code | SK |
| 072 #7 - SUBJECT CATEGORY CODE | |
| Subject category code | 796 |
| Subject category code subdivision | Šport. Hry. Telesné cvičenia |
| Source | konspekt |
| 080 ## - UNIVERSAL DECIMAL CLASSIFICATION NUMBER | |
| Universal Decimal Classification number | 796/799 |
| Edition identifier | 2011 |
| 080 ## - UNIVERSAL DECIMAL CLASSIFICATION NUMBER | |
| Universal Decimal Classification number | 796/799(091) |
| Edition identifier | 2011 |
| 080 ## - UNIVERSAL DECIMAL CLASSIFICATION NUMBER | |
| Universal Decimal Classification number | 796.071.2 |
| Edition identifier | 2011 |
| 080 ## - UNIVERSAL DECIMAL CLASSIFICATION NUMBER | |
| Universal Decimal Classification number | (437.6) |
| Edition identifier | 2011 |
| 080 ## - UNIVERSAL DECIMAL CLASSIFICATION NUMBER | |
| Universal Decimal Classification number | (063) |
| Edition identifier | 2011 |
| 080 ## - UNIVERSAL DECIMAL CLASSIFICATION NUMBER | |
| Universal Decimal Classification number | (083.824) |
| Edition identifier | 2011 |
| 111 2# - MAIN ENTRY--MEETING NAME | |
| Meeting name or jurisdiction name as entry element | V zdravom tele zdravý duch |
| Date of meeting or treaty signing | (2023 : |
| Location of meeting | Šaľa, Slovensko) |
| Relationship | aut |
| 245 10 - TITLE STATEMENT | |
| Title | V zdravom tele zdravý duch |
| Remainder of title | dejiny športu v regióne : konferencia a katalóg k výstave |
| Statement of responsibility, etc. | autori textov katalógu: Júlia Benciová, Klaudia Bugyinszká, Alžbeta Horváthová, Barbora Oravcová, Judita Szekeresová Kovácsová, Attila Varjú ; preklady textov: Klaudia Bugyinszká, Alžbeta Horváthová, Judita Szekeresová Kovácsová, Attila Varjú |
| 246 31 - VARYING FORM OF TITLE | |
| Title proper/short title | Ép testben ép lélek |
| Remainder of title | a sport története a régióban : a konferencia és a kiállítás katalógusa |
| 250 ## - EDITION STATEMENT | |
| Edition statement | Prvé vydanie |
| 264 #1 - PRODUCTION, PUBLICATION, DISTRIBUTION, MANUFACTURE, AND COPYRIGHT NOTICE | |
| Place of production, publication, distribution, manufacture | Šaľa |
| Name of producer, publisher, distributor, manufacturer | MV SR Štátny archív v Trnave, pracovisko Archív Galanta |
| -- | Spoločnosť Petra Pázmánya |
| Date of production, publication, distribution, manufacture, or copyright notice | 2023 |
| 300 ## - PHYSICAL DESCRIPTION | |
| Extent | 43 strán |
| Other physical details | ilustrácie, faksimile, portréty |
| 336 ## - CONTENT TYPE | |
| Content type term | text |
| Content type code | txt |
| Source | rdacontent |
| 337 ## - MEDIA TYPE | |
| Media type term | bez média |
| Media type code | n |
| Source | rdamedia |
| 338 ## - CARRIER TYPE | |
| Carrier type term | zväzok |
| Carrier type code | nc |
| Source | rdacarrier |
| 500 ## - GENERAL NOTE | |
| General note | Názov z obálky |
| 546 ## - LANGUAGE NOTE | |
| Language note | Súbežný text v maďarčine a čiastočne v češtine ; maďarské a slovenské resumé |
| 650 07 - SUBJECT ADDED ENTRY--TOPICAL TERM | |
| Topical term or geographic name entry element | šport |
| Geographic subdivision | Slovensko |
| Source of heading or term | UKBPH |
| 650 07 - SUBJECT ADDED ENTRY--TOPICAL TERM | |
| Topical term or geographic name entry element | šport |
| General subdivision | dejiny |
| Source of heading or term | UKBPH |
| 650 07 - SUBJECT ADDED ENTRY--TOPICAL TERM | |
| Topical term or geographic name entry element | športovci |
| Geographic subdivision | Slovensko |
| Source of heading or term | UKBPH |
| 651 #7 - SUBJECT ADDED ENTRY--GEOGRAPHIC NAME | |
| Geographic name | Dunajská Streda (Slovensko : okres) |
| Source of heading or term | UKBPH |
| 651 #7 - SUBJECT ADDED ENTRY--GEOGRAPHIC NAME | |
| Geographic name | Žitný ostrov (Slovensko : región) |
| Source of heading or term | UKBPH |
| 651 #7 - SUBJECT ADDED ENTRY--GEOGRAPHIC NAME | |
| Geographic name | Galanta (Slovensko : okres) |
| Source of heading or term | UKBPH |
| 651 #7 - SUBJECT ADDED ENTRY--GEOGRAPHIC NAME | |
| Geographic name | Šaľa (Slovensko : okres) |
| Source of heading or term | UKBPH |
| 655 #7 - INDEX TERM--GENRE/FORM | |
| Genre/form data or focus term | zborníky konferencií |
| Source of term | UKBPH |
| 655 #7 - INDEX TERM--GENRE/FORM | |
| Genre/form data or focus term | katalógy výstav |
| Source of term | UKBPH |
| 700 1# - ADDED ENTRY--PERSONAL NAME | |
| Personal name | Benciová, Júlia |
| Relationship | aut |
| 700 1# - ADDED ENTRY--PERSONAL NAME | |
| Personal name | Bugyinszká, Klaudia |
| Relationship | aut |
| -- | trl |
| 700 1# - ADDED ENTRY--PERSONAL NAME | |
| Personal name | Horváthová, Alžbeta |
| Relationship | aut |
| -- | trl |
| 700 1# - ADDED ENTRY--PERSONAL NAME | |
| Personal name | Oravcová, Barbora |
| Relationship | aut |
| 700 1# - ADDED ENTRY--PERSONAL NAME | |
| Personal name | Szekeresová Kovácsová, Judita |
| Relationship | aut |
| -- | trl |
| 700 1# - ADDED ENTRY--PERSONAL NAME | |
| Personal name | Varjú, Attila |
| Relationship | aut |
| -- | trl |
| 710 1# - ADDED ENTRY--CORPORATE NAME | |
| Corporate name or jurisdiction name as entry element | Slovensko. |
| Subordinate unit | Ministerstvo vnútra. |
| -- | Štátny archív v Trnave. |
| -- | Pracovisko Archív Galanta so sídlom v Šali |
| Relationship | pbl |
| 710 2# - ADDED ENTRY--CORPORATE NAME | |
| Corporate name or jurisdiction name as entry element | Spoločnosť Petra Pázmánya (Šaľa, Slovensko) |
| Relationship | pbl |
| 942 ## - ADDED ENTRY ELEMENTS (KOHA) | |
| Source of classification or shelving scheme | Dewey Decimal Classification |
| Koha item type | Krásna literatúra pre dospelých |
| Suppress in OPAC | No |
| 980 ## - EQUIVALENCE OR CROSS-REFERENCE-SERIES STATEMENT--PERSONAL NAME/TITLE [LOCAL, CANADA] | |
| Personal name | Spoločnosť Petra Pázmánya - Pázmány Péter tudományos társaság, P. Pázmánya 1, 927 01 Šaľa |
| Stav vyradenia | Strata | Poškodenie | Spôsob nadobudnutia | Domovská knižnica | Aktuálna knižnica | Dátum nadobudnutia | Total checkouts | Čiarový kód exemplára | Date last seen | Typ exemplára |
|---|---|---|---|---|---|---|---|---|---|---|
| Dar | Obecná knižnica Horná Štubňa | Obecná knižnica Horná Štubňa | 28.03.2026 | 9788080972745 | 28.03.2026 | Krásna literatúra pre dospelých |
